01002nam a2200229 a 450000100100000000500170001000800410002702000180006804000250008604100080011110000270011924501050014626000510025130000210030250501250032356300640044870000360051270000480054870000540059695201050065099900170075500004321220201002040728.0140225s2014 xxu 000 0 spa d a9781619022478 aDO-SdBNPbspacBNPHU17aeng1 aBerriault, Gina97080310aThree short novels :bThe Son, The Lights of Earth, and The Conference of Victims /cGina Berriault. a[California ] :bCounterpoint Berkeley,c2014. a403 p. ;c24 cm.0 aThe Son /rGina Berriault. --tThe Lights of Earth /rGina Berriault. --tThe Conference of Victims /rGina Berriault -- aTres obras encuadernadas juntas con paginación continúa12aBerriault, GinatThe Son97080412aBerriault, GinatThe Lights of Earth97080512aBerriault, GinatThe Conference of Victims970806 001050718MOaGRbGRcCTd2014-02-25iLF1l0o p43212-10r2020-06-25w2020-06-25y1ZNo se presta c42701d42701